MARC

LEADER 00000nab a2200000 ar4500
001 vtls009168561
003 SK-MaSNL
005 20260303055112.0
008 180216c2007 xo wr|p|||||||000 b|slo
038 |a PPPK 
040 |a PPPKCL  |b slo  |c PPPKCL  |e AACR2 
041 0 |a slo 
044 |a xo  |c SK 
080 |a 799.322.093.427-056.26/.29  |2 2001 
245 0 0 |a Úspešné leto lukostrelcov  |c [autor] (vm) 
300 |b Fotogr. 
600 1 7 |a Kaščák, Peter  |2 pppkcl  |9 1041135 
648 7 |a 2007  |2 pppkcl  |9 313226 
650 0 7 |a lukostreľba  |2 pppkcl  |9 20493 
650 0 7 |a Pohárové hry, zápasy. Pohárová súťaž  |2 pppkcl  |9 1032598 
651 7 |a Kežmarok (Slovensko)  |2 pppkcl  |9 26808 
651 7 |a Liptovský Mikuláš (Slovensko)  |2 pppkcl  |9 36847 
651 7 |a Moldava nad Bodvou (Slovensko)  |2 pppkcl  |9 20255 
651 7 |a Košice-okolie (Slovensko : okres)  |2 pppkcl  |9 146743 
773 0 |t Podtatranské noviny  |g Roč. XLVIII, č. 33 (2007), s. 5 
852 |a PPPK  |b KIS3GCP 
999 |c 1725968  |d 1727898